000 00795nam a2200289 a 4500
001 000108196
003 CHAP
005 20220329144002.0
008 131217s2010 xxua |r| ||||||eng d
010 _a104658
011 _a105630
020 _a9781420059205
040 _cCHAP
082 0 4 _a628.50154
_bM36 2010
100 0 0 _aManahan, Stanley E.
_970270
245 1 0 _aEnvironmental chemistry /
_cpor Stanley E. Manahan.
250 _a9 ed.
260 _aBoca Raton :
_bTaylor & Francis,
_c2010.
300 _axxix, 753 p. :
_bil.
590 _aE5995AHE
_b05
_c20131217
_lUCH01
_h1142
590 _aE5995AHE
_b05
_c20131217
_lUCH01
_h1155
650 1 4 _aEcología química.
_935185
650 1 4 _aMedio ambiente
_xContaminación.
_974069
901 _aBK
942 _cLIBRO
942 _n0
999 _c104658
_d104658